Plus Grandes Villes de France par Lettre - N - Statistiques

Statistiques générales
  • Ce quiz a été pris 472 fois
  • Le résultat moyen est 11 sur 20
Réponses sur la Carte
Les réponses sont colorées sur une échelle allant du rouge au vert en fonction du pourcentage des utilisateurs qui les ont devinées à leur premier essai. Vous pouvez retrouver ces pourcentages ci-dessous.
 
Statistiques - réponses
Population Ville % Correct
323 204 Nantes
99%
348 085 Nice
98%
148 104 Nîmes
90%
104 260 Nancy
89%
56 395 Narbonne
86%
59 309 Niort
80%
32 830 Nevers
77%
97 351 Nanterre
75%
94 285 Nouméa
69%
59 267 Neuilly-sur-Seine
58%
70 374 Noisy-le-Grand
42%
37 531 Neuilly-sur-Marne
33%
33 472 Nogent-sur-Marne
32%
46 094 Noisy-le-Sec
32%
13 189 Nemours
30%
12 987 Noyon
18%
21 415 Neuilly-Plaisance
16%
21 382 Nogent-sur-Oise
14%
15 461 Noisiel
10%
11 520 Nœux-les-Mines
8%
Aucun quiz correspondant
Distribution des résultats
% des personnes avec chaque résultat
Percentile par nombre de réponses
Votre historique - résultats
Vous n’avez pas pris ce quiz